Nba big 3 - Statistics

General Stats
  • This quiz has been taken 246 times
  • The average score is 4 of 9
Answer Stats
Teams Answer % Correct
Heat James, wade, bosh
90%
Cavs James, irving, love
81%
90's bulls Jordan, pippen, Rodman
81%
Warriors Curry, Durant, thompson
56%
80's celtics Bird, Mchale, parish
46%
00's celtics Garnett, pierce, allen
23%
80's lakers Johnson, jabbar, worthy
20%
60's lakers Chamberlain, west, baylor
12%
Current lakers Kobe,Kobe,kobe
4%
No matching quizzes found
Score Distribution
Percent of People with Each Score
Percentile by Number Answered
Your Score History
You have not taken this quiz